00520 2200193 4500001002100000005001500021035002000036007000300056008004100059020002200100082001200122084001900134100001600153245004900169250000600218260004700224300003400271650002100305INLIS00000000000200120260204090305 a0010-0226000011ta260204 g 1 ind  a978-606-700-863-0 a297.246 a297.246 EKO k0 aEko Koswara1 aKisah Nabi Ayyub Alaihissalam /cEko Koswara a- aSidoarjo :bPT GLOBAL OFFSET SEJAHTERA,c- a32 hlm :bilus. ;c20 x 25 cm aKisah Nabi Ayyub